¿Cuál es el modelo docente de los estudiantes de magisterio cuando desempeñan el rol de maestros? (Record no. 188213)
[ view plain ]
| 000 -CABECERA | |
|---|---|
| campo de control de longitud fija | 02149nab a2200289 a 4500 |
| 005 - FECHA Y HORA DE LA ÚLTIMA TRANSACCIÓN | |
| campo de control | 20250319172558.0 |
| 008 - ELEMENTOS DE LONGITUD FIJA--INFORMACIÓN GENERAL | |
| campo de control de longitud fija | 991125c2016 sp fr p o 000 0 spa d |
| 035 ## - NÚMERO DE CONTROL DEL SISTEMA | |
| Número de control de sistema | UPN01000216113 |
| 040 ## - FUENTE DE LA CATALOGACIÓN | |
| Centro catalogador/agencia de origen | UPN |
| Lengua de catalogación | spa |
| Centro/agencia transcriptor | UPN |
| Normas de descripción | aacr2 |
| 049 ## - COLECCIÓN | |
| Colección | ART-E |
| 100 1# - ASIENTO PRINCIPAL--NOMBRE PERSONAL | |
| Nombre de persona | Lucha López, Pedro |
| Enlace | - plucha@unizar.es |
| 100 1# - ASIENTO PRINCIPAL--NOMBRE PERSONAL | |
| Nombre de persona | Bravo Torija, Beatriz |
| 100 1# - ASIENTO PRINCIPAL--NOMBRE PERSONAL | |
| Nombre de persona | Forcadell Aznar, Lucía |
| 100 1# - ASIENTO PRINCIPAL--NOMBRE PERSONAL | |
| Nombre de persona | Ferrer Bueno, Luis Miguel |
| 245 10 - MENCIÓN DE TÍTULO | |
| Título | ¿Cuál es el modelo docente de los estudiantes de magisterio cuando desempeñan el rol de maestros? |
| 506 0# - NOTA DE RESTRICCIONES AL ACCESO | |
| Limitaciones de acceso | Acceso abierto |
| 520 3# - NOTA DE RESUMEN, ETC. | |
| Sumario, etc. | Las asignaturas de didáctica de las ciencias que se imparten en el grado de magisterio de Primaria de la Universidad de Zaragoza persiguen formar a los futuros maestros en el modelo de enseñanza por indagación. Diversos autores señalan que esta metodología de enseñanza favorece, además del aprendizaje de conceptos y la construcción de modelos, la adquisición de diversas destrezas científicas, una mejor comprensión del proceso de creación del conocimiento científico y mayor funcionalidad de los aprendizajes. Sin embargo… ¿Son realmente indagadores los estudiantes de magisterio cuando diseñan e implementan secuencias de actividades de ciencias durante sus prácticas escolares de cuarto curso o en sus trabajos de fin de grado? Según los resultados presentados en este trabajo, entre los estudiantes analizados predomina un modelo docente basado en la transmisión de conocimientos elaborados. Sin embargo, también se identifican maestros “indagadores” y otros que, aun no siéndolo, se muestran indagadores en alguno de los aspectos considerados para caracterizar el modelo docente de los estudiantes. |
| 650 #4 - ASIENTO SECUNDARIO DE MATERIA - TERMINO TEMATICO | |
| Término de materia o nombre geográfico como elemento de entrada | Prácticas de la enseñanza |
| 9 (RLIN) | 2849 |
| 650 #2 - ASIENTO SECUNDARIO DE MATERIA - TERMINO TEMATICO | |
| Término de materia o nombre geográfico como elemento de entrada | Indagación (Teoría del conocimiento) |
| 9 (RLIN) | 395 |
| 650 #4 - ASIENTO SECUNDARIO DE MATERIA - TERMINO TEMATICO | |
| Término de materia o nombre geográfico como elemento de entrada | Estudiantes |
| 9 (RLIN) | 13250 |
| 653 0# - TERMINO DE INDIZACION - NO CONTROLADO | |
| Término no controlado | Magisterio |
| 773 ## - ENLACE AL DOCUMENTO FUENTE/ENTRADA DE REGISTRO ANFITRIÓN | |
| Parte(s) relacionada(s) | Vol. 35, no. 1 (2016), p. 83-92 |
| Título | Campo abierto : revista de educación |
| Número Internacional Normalizado para Publicaciones Seriadas | 0213-9529 |
| 856 4# - LOCALIZACIÓN Y ACCESO ELECTRÓNICOS | |
| Identificador Uniforme del Recurso | <a href="https://revista-campoabierto.unex.es/index.php/campoabierto/article/view/2833">https://revista-campoabierto.unex.es/index.php/campoabierto/article/view/2833</a> |
| 902 ## - ELEMENTOS DE DATOS B LOCAL, LDB (RLIN) | |
| Creó | Gloria Jiménez/1124 |
| 905 ## - TIPO DE MATERIAL | |
| Tipo de material | Articulo |
| 942 ## - ELEMENTOS DE PUNTO DE ACCESO ADICIONAL (KOHA) | |
| Tipo de ítem Koha | Artículo Electrónico |
| Estado de retiro | Estado de pérdida | Estado dañado | No para préstamo | Código de colección | Localización permanente | Ubicación/localización actual | Ubicación en estantería | Fecha de adquisición | Total de préstamos | Fecha visto por última vez | Identificador Uniforme del Recurso | Precio válido a partir de | Tipo de ítem Koha |
|---|---|---|---|---|---|---|---|---|---|---|---|---|---|
| Acceso abierto | Bib. Gregorio Torres Quintero | Bib. Gregorio Torres Quintero | En línea | 04/11/2024 | 04/11/2024 | https://revista-campoabierto.unex.es/index.php/campoabierto/article/view/2833 | 04/11/2024 | Artículo Electrónico |
